000 00287nam a22001337a 4500
008 170929b xxu||||| |||| 00| 0 eng d
020 _a0879803908
041 _aeng
080 _a37
100 _a47
101 _aEDU
245 _aTEST YOUR BRIDGE PLAY
_cKANTAR,E.B
942 _2udc
_cBK
999 _c30831
_d30831